Public debt management : theory and history /

Saved in:
Bibliographic Details
Other Authors: Dornbusch, Rudiger, Draghi, Mario
Format: Book
Language:English
Published: Cambridge [England] ; New York : Cambridge University Press, 1990.
Subjects:
Online Access:Table of contents
Publisher description
LEADER 01637cam a2200373 a 4500
001 c000223083
003 CARM
005 20060821154331.0
008 900503s1990 enka b 101 0 eng
010 |a 90038550 
019 1 |a 7335226  |5 LACONCORD2021 
020 |a 0521392667 
035 |a (OCoLC)21593742  |5 LACONCORD2021 
040 |a DLC  |b eng  |c DLC  |d DLC  |d LC 
043 |a e-it---  |a e------  |a n-us--- 
050 4 |a HJ8675  |b .P83 1990 
050 0 0 |a HJ8675  |b .P83 1990 
082 0 4 |a 336.3/6/09  |2 20 
245 0 0 |a Public debt management :  |b theory and history /  |c edited by Rudiger Dornbusch and Mario Draghi. 
260 |a Cambridge [England] ;  |a New York :  |b Cambridge University Press,  |c 1990. 
300 |a xix, 354 p. :  |b ill. ;  |c 24 cm. 
500 |a Based on a conference on "Capital Markets and Debt Management" held at Castelgandolfo in June 1989. 
504 |a Includes bibliographical references and index. 
650 0 |a Debts, Public  |z Italy  |x History  |x Congresses. 
650 0 |a Debts, Public  |z Europe  |x History  |x Congresses. 
650 0 |a Debts, Public  |z United States  |x History  |x Congresses. 
650 0 |a Deficit financing  |x History  |x Congresses. 
700 1 |a Dornbusch, Rudiger. 
700 1 |a Draghi, Mario. 
856 4 1 |3 Table of contents  |u http://www.loc.gov/catdir/toc/cam028/90038550.html 
856 4 2 |3 Publisher description  |u http://www.loc.gov/catdir/description/cam024/90038550.html 
852 8 |b CARM  |h A2:AN27A0  |i B06397  |p 0312149  |f BK 
999 f f |i 6896fe62-be50-5b01-9731-1cc4416e4e90  |s 607233db-0e15-5054-a84c-1f70a041d06b 
952 f f |p Can circulate  |a CAVAL  |b CAVAL  |c CAVAL  |d CARM 1 Store  |e B06397  |f A2:AN27A0  |h Other scheme  |i book  |m 0312149